00518nam a2200193Ia 450000500170000000800410001702000170005804000190007504100120009408200180010610000180012424500400014225000340018226000390021630000140025565000150026965100290028485000110031320240321134947.0131103s9999 xx 000 0 und d a0070462378 8 aLoreto College aEnglish a150.287 bTHO aThorpe, Edgar aTest of Reasoning b cEdgar Thorpe afor competitive examinations  aNew DelhibTata McGraw-Hill c1996 axi,249p.  aPsychology aCompetitive Examinations aLCBED